<?xml version="1.0" encoding="UTF-8"?>
<marc:record xmlns:marc="http://www.loc.gov/MARC21/slim">
   <marc:leader>00000nam a2200000 a 4500</marc:leader>
   <marc:datafield ind1="1" ind2=" " tag="100">
      <marc:subfield code="a">Gressl, Engelbert</marc:subfield>
      <marc:subfield code="4">aut</marc:subfield>
      <marc:subfield code="e">Verfasser/-in</marc:subfield>
   </marc:datafield>
   <marc:datafield ind1="0" ind2="0" tag="245">
      <marc:subfield code="a">Karl Mays Winnetou neu erzählt</marc:subfield>
   </marc:datafield>
   <marc:datafield ind1="0" ind2="0" tag="245">
      <marc:subfield code="c">Engelbert Gressl</marc:subfield>
   </marc:datafield>
   <marc:datafield ind1=" " ind2="1" tag="264">
      <marc:subfield code="a">Wien</marc:subfield>
      <marc:subfield code="b">PROverbis</marc:subfield>
      <marc:subfield code="c">2008</marc:subfield>
   </marc:datafield>
   <marc:datafield ind1=" " ind2=" " tag="250">
      <marc:subfield code="a">1. Aufl.</marc:subfield>
   </marc:datafield>
   <marc:datafield ind1="1" ind2=" " tag="520">
      <marc:subfield code="a">Angaben aus der Verlagsmeldung

Freunde am Marterpfahl : Karl Mays Winnetou neu erzählt / von Engelbert Gressl

Engelbert Gressl hat Karl Mays Winnetou neu erzählt für eine neue Generation von jugendlichen Leseratten; hat die alte Geschichte, die Generationen faszinierte und in den Bann des Wilden Westens schlug, in das neue Jahrhundert geführt, spannend in moderner Sprache geschrieben, ohne dem Werk seine Eigenheit zu nehmen.
Zitat Michael Petzel:
"Ein Klassiker ...
...der mitten ins Herz junger Leute zielt: Die große Männerfreundschaft, der Kampf für Gerechtigkeit, die Bestrafung der Bösen. Das ist das unvergängliche Repertoire der Karl-May-Romane. Engelbert Gressl hat Karl May behutsam und gleichzeitig beherzt modernisiert. Das klassische "Winnetou"-Abenteuer unverstaubt und frisch - in einer Form, die den Lesebedürfnissen junger Menschen entgegenkommt.
... und kein Ende?
Diese kongeniale Neufassung des Karl-May-Romans bringt Karl May auf die Höhe der Zeit – aber der Traum bleibt unangetastet. Das große Abenteuer lockt. Begleiten wir Winnetou und Old Shatterhand bei ihrem großen Kampf für das Gute. Vor uns liegen die weiten Ebenen der Phantasie. Karl May ist unsterblich. Reiten wir!“
</marc:subfield>
   </marc:datafield>
   <marc:datafield ind1=" " ind2=" " tag="020">
      <marc:subfield code="a">9783950250633</marc:subfield>
      <marc:subfield code="9">9783950250633</marc:subfield>
   </marc:datafield>
   <marc:datafield ind1=" " ind2=" " tag="041">
      <marc:subfield code="a">ger</marc:subfield>
   </marc:datafield>
   <marc:datafield ind1=" " ind2=" " tag="300">
      <marc:subfield code="a">288 S.</marc:subfield>
   </marc:datafield>
</marc:record>
